000 01297nam0a22003251 4500
001 RU\INFOCOMM_322\NLR\5000191678
005 20250810064212.0
035 _a(NLR Aleph) 009579053
090 _a9178533
_c9178533
100 _a20130221d1942 u y0rusy50 ca
101 0 _aeng
102 _aRU
105 _ay z |||||
200 1 _aTwenty-five years of Soviet power Moscow
_fM. Mitin
210 _aMoscow
_cForeign languages publishing house
_d[1942]
215 _a46, [2] с.
_d16 см
300 _aБез тит. л. описано по обл.
300 _aНа 4-й с. обл.: М. Митин. Двадцать пять лет Советской власти
606 0 _aВеликая Октябрьская социалистическая революция
_xГодовщины
_z1917
_z1942
_2nlr_sh1
606 0 _aСоциалистическое строительство
_yСССР
_2nlr_sh1
606 0 _aОтечественная война
_z1941
_2nlr_sh1
620 _aМосква
700 1 _aMitin
_bM. B.
_gMark Borisovič
801 1 _aRU
_bInfocomm
_c20130221
801 0 _aRU
_bINFOCOMM
_gPSBO
852 _aNLR
_jИр51 Г-2/41
_y2 экз.
942 _cBOOK
945 _aРоссийская национальная библиотека
980 _aNB
980 _aBV